Top 50 Music Artists of all Time - Statistics

General Stats
  • This quiz has been taken 139 times
  • The average score is 16 of 50
Answer Stats
Hint Answer % Correct
1 The Beatles
92%
35 Michael Jackson
86%
4 The Rolling Stones
86%
3 Elvis Presley
73%
49 Elton John
62%
36 Madonna
58%
2 Bob Dylan
56%
30 Nirvana
50%
27 Prince
49%
14 Led Zeppelin
48%
29 The Who
48%
9 Aretha Franklin
47%
6 Jimi Hendrix
46%
22 U2
44%
38 John Lennon
43%
39 David Bowie
41%
12 The Beach Boys
38%
23 Bruce Springsteen
37%
11 Bob Marley
32%
46 Janis Joplin
32%
5 Chuck Berry
31%
10 Ray Charles
31%
15 Stevie Wonder
31%
41 The Doors
31%
31 Johnny Cash
30%
28 The Clash
26%
13 Buddy Holly
24%
18 Marvin Gaye
24%
47 Patti Smith
24%
7 James Brown
21%
8 Little Richard
21%
34 Neil Young
20%
26 The Ramones
20%
19 The Velvet Underground
19%
21 Otis Redding
17%
16 Sam Cooke
17%
42 Van Morrison
15%
24 Jerry Lee Lewis
14%
37 Roy Orbison
13%
50 The Band
13%
48 Run-DMC
11%
45 The Byrds
11%
44 Public Enemy
10%
17 Muddy Waters
8%
20 Bo Diddley
7%
33 The Everly Brothers
7%
43 Sly and the Family Stone
6%
25 Fats Domino
5%
32 Smokey Robinson and the Miracles
4%
40 Simon and Garfield
2%
No matching quizzes found
Score Distribution
Percent of People with Each Score
Percentile by Number Answered
Your Score History
You have not taken this quiz